[Event "2. BUNDESLIGA MITTE"]
[Site "Steyregg, Fuerstenfeld/Sauwald/Villach, St. Veit/Glan, Graz"]
[Date "2016.04.15"]
[Round "9"]
[Board "2"]
[White "Pilaj, Herwig"]
[Black "Jurek, Josef"]
[Result "1/2-1/2"]
[WhiteElo "2381"]
[BlackElo "2289"]
[PlyCount "233"]
[EventDate "2015.10.02"]
[EventType "team"]
[EventRounds "11"]
[EventCountry "AUT"]
[WhiteTeam "SPG. Sparkasse Fuerstenfeld/Hartberg"]
[BlackTeam "Union Hartkirchen"]

1. Nf3 Nf6 2. g3 b6 3. Bg2 Bb7 4. O-O c5 5. d3 d5 6. c4 e6 7. cxd5 Nxd5 8. Nc3
Be7 9. Qa4+ Bc6 10. Qc2 O-O 11. Rd1 Qe8 12. Nxd5 Bxd5 13. e4 Bb7 14. d4 Nc6 15.
dxc5 Bxc5 16. a3 e5 17. b4 Nd4 18. Nxd4 Bxd4 19. Bb2 Rc8 20. Qb3 Bxb2 21. Qxb2
Qe6 22. Rd2 Rfd8 23. Rad1 Rxd2 24. Qxd2 g6 25. h4 h5 26. Qd7 Qb3 27. Rd3 Qb1+
28. Kh2 Rf8 29. Re3 Bc8 30. Qxa7 Qb2 31. Rf3 Qd4 32. Qc7 Bg4 33. Re3 Rc8 34.
Qe7 Rc2 35. Qf6 Qd2 36. Rb3 Qxf2 37. Qxf2 Rxf2 38. a4 Ra2 39. a5 bxa5 40. b5
Bc8 41. b6 Bb7 42. Kg1 a4 43. Rb5 a3 44. Ra5 Kg7 45. Ra7 Rb2 46. Rxa3 Rxb6 47.
Ra2 Rb4 48. Re2 Ba6 49. Rd2 Rd4 50. Rc2 Bd3 51. Rd2 Bb1 52. Re2 Rd1+ 53. Kf2
Bd3 54. Rb2 Ra1 55. Ke3 Ra3 56. Kf2 Bc4 57. Rc2 Ra4 58. Rb2 Be6 59. Bf3 Kf6 60.
Rd2 Ke7 61. Ke3 Bc4 62. Bg2 Ra3+ 63. Kf2 Be6 64. Bf3 Bg4 65. Bg2 Be6 66. Bf3
Ra2 67. Rxa2 Bxa2 68. Ke3 Be6 69. Be2 Kd6 70. Ba6 Kc5 71. Be2 Kb4 72. Ba6 Kc3
73. Bb5 Kc2 74. Be2 Kc1 75. Bb5 Kd1 76. Ba6 Ke1 77. Bb5 Bb3 78. Ba6 f6 79. Bb5
Bf7 80. Ba6 Be6 81. Bb5 Bf7 82. Ba6 Kd1 83. Bb5 Kc2 84. Bc6 Kd1 85. Bd5 Be8 86.
Bb3+ Ke1 87. Bc4 g5 88. Be2 Bf7 89. Bb5 Kd1 90. Be2+ Kc2 91. Bb5 Kc3 92. Be2
Kb4 93. Bd1 Kc5 94. Be2 Kd6 95. Bd1 Ke7 96. Be2 Kf8 97. Bd1 Kg7 98. Be2 Kg6 99.
Bd3 Be6 100. Bb5 Bf7 101. Bd7 Kg7 102. Bc8 Bb3 103. Bd7 Bd1 104. Bc8 Kh6 105.
Bd7 Bg4 106. Bb5 Be6 107. Be8 f5 108. exf5 Bxf5 109. Bf7 Bg6 110. Bd5 gxh4 111.
gxh4 Kg7 112. Bf3 Be8 113. Be2 Kf6 114. Bf1 Bd7 115. Be2 Kg6 116. Bd3+ Bf5 117.
Bb5 1/2-1/2

[Event "2. BUNDESLIGA MITTE"]
[Site "Steyregg, Fuerstenfeld/Sauwald/Villach, St. Veit/Glan, Graz"]
[Date "2016.04.15"]
[Round "9"]
[Board "3"]
[White "Kleibel, Uwe"]
[Black "Poetz, Florian"]
[Result "0-1"]
[WhiteElo "2212"]
[BlackElo "2385"]
[PlyCount "138"]
[EventDate "2015.10.02"]
[EventType "team"]
[EventRounds "11"]
[EventCountry "AUT"]
[WhiteTeam "Union Hartkirchen"]
[BlackTeam "SPG. Sparkasse Fuerstenfeld/Hartberg"]

1. e4 c5 2. Nf3 e6 3. g3 b6 4. d4 cxd4 5. Nxd4 Bb7 6. Bg2 Nf6 7. Qe2 d6 8. O-O
a6 9. c4 Nbd7 10. b3 Qc7 11. Bb2 Be7 12. Nc3 O-O 13. Rac1 Rfe8 14. Rfd1 Bf8 15.
Nc2 Rad8 16. f4 Qb8 17. Re1 g6 18. g4 Qa8 19. h3 h6 20. Rcd1 Nh7 21. Ba3 Qb8
22. Qd2 Nc5 23. Bb2 Ba8 24. b4 Nd7 25. Ne2 b5 26. Qc3 e5 27. Ne3 Rc8 28. c5
Nhf6 29. g5 hxg5 30. fxg5 Nxe4 31. Bxe4 Bxe4 32. Ng3 Bc6 33. Ng4 Ba8 34. Qd2 d5
35. Ne4 Bg7 36. Nd6 Re6 37. Nxc8 Qxc8 38. Qf2 d4 39. Rf1 f5 40. gxf6 Bxf6 41.
Rde1 Qc6 42. Kh2 Kg7 43. Re2 Qd5 44. Rd2 a5 45. bxa5 Ra6 46. Bc1 Kg8 47. Qg3
Bg7 48. Rdf2 e4 49. Qh4 e3 50. Qd8+ Kh7 51. Qh4+ Kg8 52. Qd8+ Kh7 53. Qh4+ Qh5
54. Qxh5+ gxh5 55. Nxe3 dxe3 56. Bxe3 Rxa5 57. Rd1 Ne5 58. Rc2 Be4 59. Rf2 Ra3
60. Bc1 Rc3 61. Bb2 Rxc5 62. Bxe5 Bxe5+ 63. Kg1 Bc6 64. Rf7+ Kg6 65. Re7 Kf6
66. Rh7 Kg5 67. Re7 Kh4 68. Rd3 Bg3 69. Rd1 Kxh3 0-1

[Event "2. BUNDESLIGA MITTE"]
[Site "Steyregg, Fuerstenfeld/Sauwald/Villach, St. Veit/Glan, Graz"]
[Date "2016.04.15"]
[Round "9"]
[Board "4"]
[White "Radnetter, Georg"]
[Black "Konrad, Edmund"]
[Result "0-1"]
[WhiteElo "2323"]
[BlackElo "2193"]
[PlyCount "74"]
[EventDate "2015.10.02"]
[EventType "team"]
[EventRounds "11"]
[EventCountry "AUT"]
[WhiteTeam "SPG. Sparkasse Fuerstenfeld/Hartberg"]
[BlackTeam "Union Hartkirchen"]

1. Nf3 d5 2. d4 Nf6 3. c4 e6 4. e3 c6 5. b3 Nbd7 6. Bb2 Be7 7. Bd3 O-O 8. O-O
b6 9. Nc3 Bb7 10. Qc2 h6 11. Rad1 Rc8 12. e4 dxe4 13. Nxe4 Nxe4 14. Bxe4 Nf6
15. Bd3 Qc7 16. Rfe1 c5 17. Qe2 Rfe8 18. dxc5 Qxc5 19. Ne5 Qc7 20. Nxf7 Kxf7
21. Qxe6+ Kf8 22. Qh3 Rcd8 23. Bg6 Rxd1 24. Rxd1 Rd8 25. Re1 Bc6 26. Qe6 Be8
27. Bxf6 gxf6 28. Bh7 Bf7 29. Qe3 Kg7 30. Bc2 Bb4 31. Rf1 Qe5 32. Qf3 h5 33. g3
Be6 34. Qb7+ Rd7 35. Qc6 Bh3 36. Rb1 Re7 37. f4 Qe3+ 0-1

[Event "2. BUNDESLIGA MITTE"]
[Site "Steyregg, Fuerstenfeld/Sauwald/Villach, St. Veit/Glan, Graz"]
[Date "2016.04.15"]
[Round "9"]
[Board "5"]
[White "Mayerhofer, Peter"]
[Black "Stradner, Stefan"]
[Result "1/2-1/2"]
[WhiteElo "2183"]
[BlackElo "2187"]
[PlyCount "60"]
[EventDate "2015.10.02"]
[EventType "team"]
[EventRounds "11"]
[EventCountry "AUT"]
[WhiteTeam "Union Hartkirchen"]
[BlackTeam "SPG. Sparkasse Fuerstenfeld/Hartberg"]

1. e4 e6 2. d4 d5 3. Nc3 Nf6 4. Bg5 Bb4 5. exd5 exd5 6. Bd3 c6 7. Nge2 O-O 8.
O-O Re8 9. a3 Bd6 10. Qd2 Nbd7 11. Ng3 g6 12. f4 Qb6 13. Nce2 Ne4 14. Bxe4 dxe4
15. f5 Nf8 16. c4 Qb3 17. c5 e3 18. Qc1 Bxg3 19. Nxg3 e2 20. Re1 Bxf5 21. Nxf5
gxf5 22. Bh6 Re6 23. Rxe2 Rxe2 24. Qg5+ Ng6 25. Qf6 Rxg2+ 26. Kxg2 Qxb2+ 27.
Kf3 Qc3+ 28. Kf2 Qb2+ 29. Kf3 Qc3+ 30. Kf2 Qb2+ 1/2-1/2

[Event "2. BUNDESLIGA MITTE"]
[Site "Steyregg, Fuerstenfeld/Sauwald/Villach, St. Veit/Glan, Graz"]
[Date "2016.04.15"]
[Round "9"]
[Board "6"]
[White "Hatzl, Johannes"]
[Black "Mitterhuemer, Guenter"]
[Result "1-0"]
[WhiteElo "2081"]
[BlackElo "2094"]
[PlyCount "173"]
[EventDate "2015.10.02"]
[EventType "team"]
[EventRounds "11"]
[EventCountry "AUT"]
[WhiteTeam "SPG. Sparkasse Fuerstenfeld/Hartberg"]
[BlackTeam "Union Hartkirchen"]

1. e4 d5 2. exd5 Nf6 3. Bb5+ Bd7 4. Bc4 Bg4 5. f3 Bf5 6. Nc3 Nbd7 7. Bb3 Nb6 8.
Qe2 Qd7 9. d6 Qxd6 10. Nb5 Qd7 11. Qe5 O-O-O 12. Nxa7+ Kb8 13. Nb5 Nfd5 14. Nc3
f6 15. Qe2 e5 16. d3 Bb4 17. Bd2 Nf4 18. Bxf4 Bxc3+ 19. bxc3 exf4 20. Qd2 Rhe8+
21. Ne2 Qe7 22. Kf2 Qe3+ 23. Qxe3 fxe3+ 24. Kg3 c5 25. Rab1 c4 26. dxc4 Rd2 27.
Nd4 Bc8 28. c5 Nd7 29. Ba4 Kc7 30. Nb5+ Kd8 31. Nd6 Re7 32. Ne4 Rxe4 33. fxe4
Nxc5 34. Bb5 Nxe4+ 35. Kf3 Nxc3 36. Rb3 Nxb5 37. Rxb5 Rxc2 38. Rd1+ Ke7 39. Rd3
Rxa2 40. Rxe3+ Kf7 41. Rc3 Ra8 42. h3 Kg6 43. Kf4 Ra4+ 44. Kg3 Ra8 45. Rb4 h6
46. Kh4 Rb8 47. Rbc4 Bf5 48. Rc7 Kh7 49. Re3 b5 50. Ree7 Rg8 51. Rb7 Bd3 52.
Kg3 Kg6 53. Kf4 h5 54. Rbd7 Bc2 55. Re2 Bb3 56. Re3 Bc4 57. Rg3+ Kh6 58. Kf5
g6+ 59. Kxf6 Rf8+ 60. Ke5 Rf5+ 61. Ke4 Rf6 62. Ra3 Bf1 63. Ra2 Kg5 64. Ke3 Bc4
65. Rb2 Bf1 66. Rd4 Bc4 67. Rb1 Re6+ 68. Kf3 Be2+ 69. Kg3 Bc4 70. Ra1 Re3+ 71.
Kf2 Re2+ 72. Kf3 Re5 73. Ra3 Rf5+ 74. Kg3 Be2 75. Ra6 Kh6 76. Rb6 Rg5+ 77. Kh2
Bf1 78. Rd2 Bc4 79. Rb8 Rf5 80. Rb7 Kg5 81. Rd6 Bf7 82. Rbb6 Be8 83. Kg3 h4+
84. Kh2 Rc5 85. Re6 Bf7 86. Rf6 Bc4 87. Kg1 1-0

[Event "2. BUNDESLIGA MITTE"]
[Site "Steyregg, Fuerstenfeld/Sauwald/Villach, St. Veit/Glan, Graz"]
[Date "2016.04.15"]
[Round "9"]
[Board "1"]
[White "Horvath, Adam"]
[Black "Schachinger, Mario"]
[Result "1/2-1/2"]
[WhiteElo "2515"]
[BlackElo "2434"]
[PlyCount "160"]
[EventDate "2015.10.02"]
[EventType "team"]
[EventRounds "11"]
[EventCountry "AUT"]
[WhiteTeam "RbEJ Gleisdorf"]
[BlackTeam "SC MPOE Maria Saal 2"]

1. e4 c5 2. Nf3 d6 3. d4 cxd4 4. Nxd4 Nf6 5. Nc3 a6 6. Nb3 g6 7. Be2 Bg7 8. g4
Nc6 9. Be3 Be6 10. g5 Nd7 11. Qd2 Rc8 12. O-O-O Na5 13. Nd5 Nxb3+ 14. axb3 Nc5
15. Kb1 Nxe4 16. Qb4 Nc5 17. h4 O-O 18. h5 Bf5 19. hxg6 fxg6 20. Bc4 e6 21.
Bxc5 Rxc5 22. Ne3 Qe7 23. Rhe1 Re5 24. f4 Re4 25. Nxf5 gxf5 26. Rxe4 fxe4 27.
Rxd6 Kh8 28. Qb6 Rxf4 29. g6 Rf6 30. gxh7 e5 31. Rxf6 Bxf6 32. Bd5 Kxh7 33.
Bxb7 e3 34. Be4+ Kg7 35. Qxe3 a5 36. Qg1+ Bg5 37. Qb6 Qd8 38. Qa7+ Be7 39. Ka2
Kf8 40. Qf2+ Bf6 41. c4 Ke7 42. Qc5+ Kf7 43. Bd5+ Kg7 44. Qg1+ Bg5 45. Be4 Kf6
46. Qg4 Bf4 47. Qh4+ Bg5 48. Qh7 Bf4 49. Qg6+ Ke7 50. Qg7+ Kd6 51. Qa7 Qc7 52.
Qa6+ Ke7 53. Qb5 Be3 54. b4 axb4 55. Qxb4+ Bc5 56. Qd2 Qa7+ 57. Kb1 Be3 58.
Qb4+ Bc5 59. Qe1 Bf2 60. Qh1 Qd4 61. Qh7+ Kd8 62. Qg8+ Kc7 63. Qf7+ Qd7 64. Qh5
Qd4 65. Qf7+ Qd7 66. Qf3 Qd2 67. Bc2 Qe1+ 68. Bd1 Bd4 69. Kc2 Qf2+ 70. Qxf2
Bxf2 71. b4 e4 72. Kb3 Kb6 73. Bc2 Ka6 74. Bxe4 Kb6 75. Bf3 Bd4 76. Kc2 Bf2 77.
Kd2 Bg3 78. Kc3 Bd6 79. c5+ Bxc5 80. bxc5+ Kxc5 1/2-1/2

[Event "2. BUNDESLIGA MITTE"]
[Site "Steyregg, Fuerstenfeld/Sauwald/Villach, St. Veit/Glan, Graz"]
[Date "2016.04.15"]
[Round "9"]
[Board "2"]
[White "Handler, Lukas"]
[Black "Frosch, Ronald"]
[Result "1-0"]
[WhiteElo "2390"]
[BlackElo "2239"]
[PlyCount "75"]
[EventDate "2015.10.02"]
[EventType "team"]
[EventRounds "11"]
[EventCountry "AUT"]
[WhiteTeam "SC MPOE Maria Saal 2"]
[BlackTeam "RbEJ Gleisdorf"]

1. Nf3 Nf6 2. g3 g6 3. b3 b6 4. Bb2 Bb7 5. Bg2 Bg7 6. c4 c5 7. O-O O-O 8. Nc3
Nc6 9. e3 d5 10. d3 d4 11. exd4 Nxd4 12. Nxd4 Bxg2 13. Ne6 Qd7 14. Re1 Bc6 15.
Nxg7 Kxg7 16. Qe2 Rfe8 17. Ne4 Kg8 18. Rad1 Qf5 19. f3 Rad8 20. Qe3 Bxe4 21.
dxe4 Qe6 22. Qc3 Qc6 23. Rd5 Qc7 24. Re2 b5 25. cxb5 Rxd5 26. exd5 Qd7 27. Qe5
Qxd5 28. Qxd5 Nxd5 29. a4 Rc8 30. Rc2 Ne3 31. Rc1 f5 32. Bd4 f4 33. gxf4 Nf5
34. Bxc5 Nd4 35. Bxd4 Rxc1+ 36. Kg2 Rc7 37. a5 Rb7 38. b6 1-0

[Event "2. BUNDESLIGA MITTE"]
[Site "Steyregg, Fuerstenfeld/Sauwald/Villach, St. Veit/Glan, Graz"]
[Date "2016.04.15"]
[Round "9"]
[Board "3"]
[White "Manhardt, Thomas"]
[Black "Hartl, Daniel"]
[Result "1/2-1/2"]
[WhiteElo "2237"]
[BlackElo "2267"]
[PlyCount "59"]
[EventDate "2015.10.02"]
[EventType "team"]
[EventRounds "11"]
[EventCountry "AUT"]
[WhiteTeam "RbEJ Gleisdorf"]
[BlackTeam "SC MPOE Maria Saal 2"]

1. e4 e5 2. Nf3 Nc6 3. Bc4 Nf6 4. d3 Be7 5. O-O O-O 6. c3 d6 7. h3 Na5 8. Nbd2
Nxc4 9. Nxc4 Be6 10. Ne3 h6 11. Nf5 Bxf5 12. exf5 c6 13. Nh2 d5 14. Ng4 Nxg4
15. Qxg4 Kh7 16. Qh5 Bg5 17. Re1 Bxc1 18. Raxc1 Qf6 19. Re3 Rae8 20. Rce1 Re7
21. f4 Rfe8 22. fxe5 Rxe5 23. Rxe5 Rxe5 24. Rxe5 Qxe5 25. Qxf7 Qe1+ 26. Kh2
Qe5+ 27. Kg1 Qe1+ 28. Kh2 Qe5+ 29. Kg1 Qe1+ 30. Kh2 1/2-1/2

[Event "2. BUNDESLIGA MITTE"]
[Site "Steyregg, Fuerstenfeld/Sauwald/Villach, St. Veit/Glan, Graz"]
[Date "2016.04.15"]
[Round "9"]
[Board "4"]
[White "Halvax, Georg"]
[Black "Wegerer, Fred"]
[Result "1/2-1/2"]
[WhiteElo "2337"]
[BlackElo "2128"]
[PlyCount "62"]
[EventDate "2015.10.02"]
[EventType "team"]
[EventRounds "11"]
[EventCountry "AUT"]
[WhiteTeam "SC MPOE Maria Saal 2"]
[BlackTeam "RbEJ Gleisdorf"]

1. e4 e6 2. d4 d5 3. Nc3 dxe4 4. Nxe4 Bd7 5. Nf3 Bc6 6. Bd3 Nd7 7. c3 Ngf6 8.
Qe2 Nxe4 9. Bxe4 Bxe4 10. Qxe4 c6 11. Bg5 Be7 12. h4 h6 13. Bxe7 Qxe7 14. Ne5
Nxe5 15. Qxe5 Rg8 16. Qa5 Qd8 17. Qxd8+ Rxd8 18. O-O-O Ke7 19. Rhe1 Rd7 20. Re5
Rgd8 21. Rde1 g6 22. Kc2 Rd5 23. g4 b6 24. R1e2 Rxe5 25. Rxe5 f6 26. Re3 Kf7
27. f4 Rd5 28. Kd3 Rd8 29. Kc4 Rd5 30. Kd3 Rd8 31. Kc4 Rd5 1/2-1/2

[Event "2. BUNDESLIGA MITTE"]
[Site "Steyregg, Fuerstenfeld/Sauwald/Villach, St. Veit/Glan, Graz"]
[Date "2016.04.15"]
[Round "9"]
[Board "5"]
[White "Watzka, Horst"]
[Black "Rieger, Robert"]
[Result "1/2-1/2"]
[WhiteElo "2236"]
[BlackElo "2297"]
[PlyCount "69"]
[EventDate "2015.10.02"]
[EventType "team"]
[EventRounds "11"]
[EventCountry "AUT"]
[WhiteTeam "RbEJ Gleisdorf"]
[BlackTeam "SC MPOE Maria Saal 2"]

1. e4 c5 2. Nf3 Nc6 3. Bb5 g6 4. O-O Bg7 5. Re1 Nf6 6. Nc3 O-O 7. d3 Nd4 8. Bc4
d6 9. h3 Be6 10. Bxe6 Nxf3+ 11. Qxf3 fxe6 12. Qd1 Ne8 13. Be3 Nc7 14. d4 cxd4
15. Bxd4 Bxd4 16. Qxd4 e5 17. Qd3 Qd7 18. Rad1 Rac8 19. Nd5 Ne6 20. c3 Rf7 21.
Rd2 Kg7 22. Qg3 Nf4 23. Nxf4 Rxf4 24. Qe3 b6 25. b3 h6 26. c4 g5 27. f3 Rcf8
28. b4 R4f6 29. c5 Qb5 30. cxd6 exd6 31. a3 Rc8 32. Red1 Qc6 33. Rd5 Qc3 34.
Qd3 Qb2 35. Rxd6 1/2-1/2

[Event "2. BUNDESLIGA MITTE"]
[Site "Steyregg, Fuerstenfeld/Sauwald/Villach, St. Veit/Glan, Graz"]
[Date "2016.04.15"]
[Round "9"]
[Board "6"]
[White "Ertl, Johann"]
[Black "Sandner, Wolfgang"]
[Result "0-1"]
[WhiteElo "2303"]
[BlackElo "2252"]
[PlyCount "88"]
[EventDate "2015.10.02"]
[EventType "team"]
[EventRounds "11"]
[EventCountry "AUT"]
[WhiteTeam "SC MPOE Maria Saal 2"]
[BlackTeam "RbEJ Gleisdorf"]

1. e4 d6 2. d4 Nf6 3. Nc3 e5 4. Nf3 Nbd7 5. Bc4 Be7 6. O-O O-O 7. Re1 c6 8. a4
b6 9. b3 a6 10. Bb2 Qc7 11. Bd3 Re8 12. Ne2 Bf8 13. Ng3 g6 14. Qd2 Bb7 15. Rad1
Rad8 16. Qe2 Qc8 17. Qf1 Bg7 18. Ba3 exd4 19. Bxd6 c5 20. Bc4 h6 21. Qd3 Nf8
22. e5 Nd5 23. Bxf8 Kxf8 24. Ne4 Nf4 25. Qf1 Bxe5 26. Nxe5 Rxe5 27. f3 Nd5 28.
Bxd5 Rexd5 29. Qf2 Kg7 30. Qh4 Qf5 31. Nf2 R8d7 32. Re8 g5 33. Qh5 Qxc2 34.
Rde1 Qg6 35. Qh3 d3 36. Qg3 d2 37. Rd1 Qd6 38. Qg4 Rd4 39. Qf5 Re7 40. Rxe7
Qxe7 41. Ne4 Bxe4 42. fxe4 Rxe4 43. Rxd2 Re1+ 44. Kf2 Qe3# 0-1

[Event "2. BUNDESLIGA MITTE"]
[Site "Steyregg, Fuerstenfeld/Sauwald/Villach, St. Veit/Glan, Graz"]
[Date "2016.04.15"]
[Round "9"]
[Board "1"]
[White "Huber, Martin Christian"]
[Black "Kozul, Zdenko"]
[Result "0-1"]
[WhiteElo "2390"]
[BlackElo "2600"]
[PlyCount "76"]
[EventDate "2015.10.02"]
[EventType "team"]
[EventRounds "11"]
[EventCountry "AUT"]
[WhiteTeam "Schachfreunde Graz"]
[BlackTeam "SV Wolfsberg"]

1. d4 Nf6 2. c4 g6 3. Nc3 Bg7 4. e4 d6 5. Nf3 O-O 6. Be2 e5 7. O-O Nbd7 8. Be3
c6 9. d5 c5 10. Ne1 Kh8 11. Nd3 Ng8 12. Qd2 f5 13. f3 f4 14. Bf2 g5 15. b4 b6
16. a4 a5 17. bxc5 bxc5 18. Rab1 Nb8 19. Nxc5 dxc5 20. Bxc5 Na6 21. Bb6 Qe8 22.
c5 Nf6 23. Nb5 g4 24. Nd6 Qg6 25. Kh1 g3 26. Nxc8 Rfxc8 27. Bb5 Nxc5 28. Bc6
Ncd7 29. Bxa8 Rxa8 30. h3 Nxb6 31. Rxb6 Nxe4 32. Qb2 Nf2+ 33. Kg1 Qe8 34. Rb7
Qf8 35. Qb6 e4 36. fxe4 Nxe4 37. Re1 Nd6 38. Rbe7 Nc8 0-1

[Event "2. BUNDESLIGA MITTE"]
[Site "Steyregg, Fuerstenfeld/Sauwald/Villach, St. Veit/Glan, Graz"]
[Date "2016.04.15"]
[Round "9"]
[Board "2"]
[White "Stevic, Hrvoje"]
[Black "Schnider, Gert"]
[Result "1-0"]
[WhiteElo "2602"]
[BlackElo "2333"]
[PlyCount "95"]
[EventDate "2015.10.02"]
[EventType "team"]
[EventRounds "11"]
[EventCountry "AUT"]
[WhiteTeam "SV Wolfsberg"]
[BlackTeam "Schachfreunde Graz"]

1. e4 e5 2. Nf3 Nc6 3. Bc4 Bc5 4. O-O Nf6 5. d3 O-O 6. c3 a6 7. a4 Ba7 8. h3 d6
9. Na3 Be6 10. Re1 h6 11. Bxe6 fxe6 12. Be3 Bxe3 13. Rxe3 Qd7 14. Qb3 Nh5 15.
Rf1 b6 16. g3 Rf6 17. Qd1 Qf7 18. Nh2 Qg6 19. Qg4 Qf7 20. Qd1 Qg6 21. Ng4 Rf7
22. Rf3 Raf8 23. Rxf7 Rxf7 24. Nc4 Nb8 25. Ncxe5 dxe5 26. Nxe5 Qg5 27. Nxf7
Kxf7 28. h4 Qg6 29. Qf3+ Ke7 30. e5 Nd7 31. d4 Qf5 32. Kg2 g6 33. g4 Nf4+ 34.
Kg3 Qd3 35. Qxd3 Nxd3 36. b3 g5 37. hxg5 hxg5 38. Rh1 Nf8 39. Rh5 Nf4 40. Rxg5
N8g6 41. Kf3 Kf7 42. Ke4 b5 43. c4 c6 44. a5 b4 45. Rxg6 Nxg6 46. f4 c5 47. f5
Ne7 48. d5 1-0

[Event "2. BUNDESLIGA MITTE"]
[Site "Steyregg, Fuerstenfeld/Sauwald/Villach, St. Veit/Glan, Graz"]
[Date "2016.04.15"]
[Round "9"]
[Board "3"]
[White "Domarkaite, Laima"]
[Black "Cebalo, Miso"]
[Result "0-1"]
[WhiteElo "2142"]
[BlackElo "2408"]
[PlyCount "100"]
[EventDate "2015.10.02"]
[EventType "team"]
[EventRounds "11"]
[EventCountry "AUT"]
[WhiteTeam "Schachfreunde Graz"]
[BlackTeam "SV Wolfsberg"]

1. e4 c5 2. c3 d5 3. exd5 Qxd5 4. d4 g6 5. Nf3 Bg7 6. Na3 Nf6 7. Nb5 Na6 8. Be2
cxd4 9. cxd4 O-O 10. O-O Be6 11. h3 Qd8 12. Bg5 Nc7 13. Nc3 Ncd5 14. Bd3 Nxc3
15. bxc3 Rc8 16. Qd2 Qa5 17. Rfc1 Rfd8 18. Qe1 Nd5 19. Bd2 Qc7 20. Rab1 Nb6 21.
Qe2 Bc4 22. g3 Bxd3 23. Qxd3 e5 24. Qb5 Nc4 25. Qb3 Qc6 26. Qd1 exd4 27. cxd4
Bxd4 28. Qe2 Bf6 29. Be3 Re8 30. Rb3 b5 31. Nd2 Qe6 32. Rxb5 Nxe3 33. Rxc8 Qxc8
34. fxe3 Qxh3 35. Qf2 Qe6 36. Nf1 Bd8 37. Rb7 Bb6 38. Kh2 Qd5 39. Qg2 Qf5 40.
Kh1 h5 41. Kh2 Re6 42. a4 Rf6 43. a5 Qxa5 44. Rb8+ Bd8 45. e4 Rd6 46. Kh3 Qc7
47. Ra8 Rd3 48. Qe2 Qd7+ 49. Kg2 a5 50. Kh2 Kh7 0-1

[Event "2. BUNDESLIGA MITTE"]
[Site "Steyregg, Fuerstenfeld/Sauwald/Villach, St. Veit/Glan, Graz"]
[Date "2016.04.15"]
[Round "9"]
[Board "4"]
[White "Reichmann, Egon"]
[Black "Teuschler, Barbara"]
[Result "1-0"]
[WhiteElo "2267"]
[BlackElo "2174"]
[PlyCount "77"]
[EventDate "2015.10.02"]
[EventType "team"]
[EventRounds "11"]
[EventCountry "AUT"]
[WhiteTeam "SV Wolfsberg"]
[BlackTeam "Schachfreunde Graz"]

1. d4 d5 2. Nf3 Nf6 3. c4 dxc4 4. e3 Bg4 5. Bxc4 e6 6. h3 Bh5 7. Qb3 Bxf3 8.
gxf3 c5 9. Qxb7 Nbd7 10. Nc3 Rb8 11. Qxa7 Ra8 12. Qb7 Rb8 13. Qa6 cxd4 14. exd4
Bb4 15. Bb3 O-O 16. Bd2 e5 17. d5 Nc5 18. Qc4 Qd7 19. Bc2 Rfc8 20. Qh4 Bxc3 21.
Bxc3 Qxd5 22. O-O Ne6 23. Bb3 Qxf3 24. Bxe6 fxe6 25. Bxe5 Rb5 26. Rfe1 Rcc5 27.
Re3 Qf5 28. Bxf6 gxf6 29. Rg3+ Kf7 30. Qh6 e5 31. Qg7+ Ke6 32. Rd1 Rd5 33. Qg8+
Kd6 34. Qf8+ Kc6 35. Rc3+ Kb7 36. Qf7+ Ka6 37. Rc6+ Ka5 38. Qa7+ Kb4 39. Qa3#
 1-0

[Event "2. BUNDESLIGA MITTE"]
[Site "Steyregg, Fuerstenfeld/Sauwald/Villach, St. Veit/Glan, Graz"]
[Date "2016.04.15"]
[Round "9"]
[Board "5"]
[White "Kastner, Walter"]
[Black "Waldmann, Gerald"]
[Result "1/2-1/2"]
[WhiteElo "2211"]
[BlackElo "2123"]
[PlyCount "188"]
[EventDate "2015.10.02"]
[EventType "team"]
[EventRounds "11"]
[EventCountry "AUT"]
[WhiteTeam "Schachfreunde Graz"]
[BlackTeam "SV Wolfsberg"]

1. e4 e6 2. d4 d5 3. Nd2 Nf6 4. e5 Nfd7 5. Bd3 c5 6. c3 Nc6 7. Ne2 cxd4 8. cxd4
f6 9. exf6 Nxf6 10. O-O Bd6 11. Nf3 O-O 12. Bf4 Bxf4 13. Nxf4 Ne4 14. Qc1 Qf6
15. Ne2 e5 16. dxe5 Nxe5 17. Nxe5 Qxe5 18. Qe3 Qxb2 19. Nf4 Qe5 20. Nxd5 Qxd5
21. Bxe4 Qf7 22. Rfe1 Bf5 23. Bf3 a6 24. Qe7 Rab8 25. Re5 Kh8 26. Qxf7 Rxf7 27.
Bd5 Rf6 28. Bxb7 h6 29. Bf3 Rb2 30. a4 Bg6 31. h4 Bd3 32. Rd1 Rb1 33. Rxb1 Bxb1
34. a5 Bd3 35. Rd5 Bb1 36. h5 Kg8 37. Rd8+ Kf7 38. Rb8 Bd3 39. Rd8 Bc4 40. Rd7+
Kf8 41. Rc7 Bb5 42. Rb7 Bd3 43. Rb8+ Ke7 44. Rg8 g5 45. hxg6 Bxg6 46. Be2 Re6
47. Bf1 Bb1 48. f3 Re5 49. Rb8 Bc2 50. Rb6 Rxa5 51. Rxh6 Ra1 52. Kf2 a5 53. Bc4
Ra4 54. Bg8 Rb4 55. Ra6 a4 56. Ke3 Rb8 57. Bd5 Bb3 58. Be4 Rb4 59. g4 Bc4 60.
Ra5 Kd6 61. g5 Kc7 62. Ra7+ Kb6 63. Ra8 Kc5 64. Kd2 Be6 65. g6 Kd4 66. g7 Rb2+
67. Kc1 Rg2 68. Rxa4+ Kc3 69. Ra3+ Kb4 70. Ra7 Kc3 71. Ra3+ Kb4 72. Rd3 Kc4 73.
Kd1 Rxg7 74. Ke2 Kc5 75. Ke3 Rf7 76. Rd2 Rf8 77. f4 Rf7 78. Rd8 Rd7 79. Rc8+
Kd6 80. Rc6+ Ke7 81. Rc5 Rd1 82. f5 Bf7 83. Kf4 Re1 84. Ke5 Be8 85. Rc7+ Kd8
86. Rc5 Ke7 87. Rc7+ Kd8 88. Rc4 Ke7 89. f6+ Kf8 90. Rc8 Kf7 91. Rc7+ Kf8 92.
Kd4 Rd1+ 93. Ke3 Rd6 94. f7 Bxf7 1/2-1/2

[Event "2. BUNDESLIGA MITTE"]
[Site "Steyregg, Fuerstenfeld/Sauwald/Villach, St. Veit/Glan, Graz"]
[Date "2016.04.15"]
[Round "9"]
[Board "6"]
[White "Stagl, Marco"]
[Black "Kravanja, Georg"]
[Result "1-0"]
[WhiteElo "2057"]
[BlackElo "2215"]
[PlyCount "77"]
[EventDate "2015.10.02"]
[EventType "team"]
[EventRounds "11"]
[EventCountry "AUT"]
[WhiteTeam "SV Wolfsberg"]
[BlackTeam "Schachfreunde Graz"]

1. d4 Nf6 2. Nf3 g6 3. g3 Bg7 4. Bg2 O-O 5. O-O d5 6. c4 c6 7. cxd5 cxd5 8. Ne5
Ne4 9. f3 Qb6 10. fxe4 Bxe5 11. e3 Bg7 12. exd5 Nd7 13. Nc3 Nf6 14. e4 Ng4 15.
Ne2 f5 16. h3 Nh6 17. e5 Nf7 18. Qb3 Qd8 19. Nc3 Kh8 20. Be3 Rb8 21. a4 b6 22.
Nb5 a6 23. Na7 Bb7 24. Rfc1 h6 25. Nc6 Bxc6 26. dxc6 Qc7 27. Qc4 Ra8 28. Qe6
Kh7 29. Qd7 Rac8 30. Bf1 Bxe5 31. dxe5 Qxe5 32. Bf4 Qxb2 33. Bxa6 Rcd8 34. Qe6
Rd6 35. Qe2 Qd4+ 36. Qf2 Qd5 37. Bc4 Qe4 38. Bxf7 Rxc6 39. Re1 1-0

[Event "2. BUNDESLIGA MITTE"]
[Site "Steyregg, Fuerstenfeld/Sauwald/Villach, St. Veit/Glan, Graz"]
[Date "2016.04.16"]
[Round "10"]
[Board "1"]
[White "Wisnet, Dominic"]
[Black "Huber, Martin Christian"]
[Result "1-0"]
[WhiteElo "2302"]
[BlackElo "2390"]
[PlyCount "32"]
[EventDate "2015.10.02"]
[EventType "team"]
[EventRounds "11"]
[EventCountry "AUT"]
[WhiteTeam "SPG Sauwald 2"]
[BlackTeam "Schachfreunde Graz"]

1. Nf3 Nf6 2. c4 g6 3. g3 Bg7 4. Bg2 O-O 5. O-O d6 6. Nc3 Nc6 7. d3 e5 8. Ne1
Be6 9. Nd5 Qd7 10. Nc2 Nh5 11. b4 Rae8 12. b5 Nd8 13. a4 f5 14. Ra2 c6 15. Nc3
d5 (15... e4 16. Ra3 d5 17. cxd5 cxd5 18. e3 Nf7 19. Ne2 Ne5 20. Ne1 g5 21. f3
exd3 22. Nxd3 Nc4 23. Nc5 Qf7 24. Nxe6 Qxe6 25. f4 Nf6 26. fxg5 Ne4 27. Rd3 Qg6
28. Rxd5 Nb6 29. Rd3 Kh8 30. h4 Nc4 31. g4 fxg4 32. Rxf8+ Rxf8 33. Nf4 Qf5 34.
Rd4 Nf6 (34... Ncd6) (34... Nc3 35. Qd3 Qxd3 36. Rxd3 Nxa4 37. h5 Re8 38. Rd7
Be5 39. g6 Bg7 40. h6 Bxh6 41. Rxh7+ Kg8 42. Bd5+ Kf8 43. Bxc4) 35. Qd3) 16.
Ra3 (16. cxd5) 16... e4 1-0